000 00622nam a22002297a 4500
003 UA-OsUOA
001 81785
007 ta
008 20120208b un ||||| |||| 00| 0 ukr d
100 _aГущак Г.І.
090 _a821.161.2
_bГ98
942 _cBK
040 _aUA-OsUOA
_bukr
_cUA-OsUOA
_dUA-OsUOA
245 _aТенета
_bроман, оповідання, новели
300 _a208 с.
955 _a3
041 _aukr
080 _a821.161.2
260 _aЛьвів
_bЛіга-Прес
_c2004
650 7 _a82 Література. Літературознавство
_2UDC
999 _c368094
_d368094